| 000 | 00635nam a22002057a 4500 | ||
|---|---|---|---|
| 008 | 150716b xxu||||| |||| 00| 0 alb d | ||
| 020 | _a999437141X | ||
| 041 | 0 | _aalb | |
| 080 |
_a004:658 _x(075.8) |
||
| 100 | _aRuseti, Bashkim ; Sevrani, Kozeta ; | ||
| 245 |
_aSistemet e informacionit të menaxhimit / _cBashkim Ruseti; Kozeta Sevrani. |
||
| 260 |
_aTiranë : _bMorava, _c2005. |
||
| 300 |
_a299 f. : _bme il. ; _c28 cm. |
||
| 650 | 0 | _aBiznesi | |
| 650 | 0 | _aMenaxhimi | |
| 650 | 0 | _aSisteme të ruajtjes dhe të kërkimit të informacionit | |
| 650 | 0 | _aKompjutera | |
| 650 | 0 | _aTekste për shkollat e larta | |
| 942 |
_2udc _cBK |
||
| 999 |
_c1123 _d1123 |
||